Italian in three months (Record no. 30761)

MARC details
000 -LEADER
fixed length control field 00280nam a2200109Ia 4500
082 ## - DEWEY DECIMAL CLASSIFICATION NUMBER
Classification number 805
Item number DAW
100 ## - MAIN ENTRY--AUTHOR NAME
Personal name Dawson-Bellone, M G
245 #0 - TITLE STATEMENT
Title Italian in three months
260 ## - PUBLICATION, DISTRIBUTION, ETC. (IMPRINT)
Place of publication London
Name of publisher Hugo's language books
Year of publication 1976
942 ## - ADDED ENTRY ELEMENTS (KOHA)
Koha item type Books
Holdings
Withdrawn status Lost status Damaged status Not for loan Home library Current library Date acquired Cost, normal purchase price Full call number Accession Number Koha item type
        RRII Library RRII Library 16/12/2021 0.95 805 DAW 11323 Books